00650nam a2200193Ia 4500008004100000020001500041082001400056100002000070245004700090250000700137260004100144300003000185500001900215600002100234650005000255942000700305952012900312999001500441240925s9999 xx 000 0 und d a007040206x a005.3 NEI aNeibaurer, Alan 0aOffice 2000: made easy the basics & beyond aNA aNew Delhi:bTata McGraw Hillc,1999. axxvii,644p.bNAfOriginal aIncludes Index aComputer Science aComputer science, information & general works cBK 011040708CSaUITUbUITUd2002-01-15eRoyal Book Companyg404.39l0o005.3 NEIpQ4169r2024-09-25 07:13:25w2024-09-25yBK c6668d6668